<?xml version="1.0" encoding="UTF-8"?><?xml-stylesheet type="text/xsl" href="static/style.xsl"?><OAI-PMH xmlns="http://www.openarchives.org/OAI/2.0/" xmlns:xsi="http://www.w3.org/2001/XMLSchema-instance" xsi:schemaLocation="http://www.openarchives.org/OAI/2.0/ http://www.openarchives.org/OAI/2.0/OAI-PMH.xsd"><responseDate>2026-04-13T07:20:17Z</responseDate><request verb="GetRecord" identifier="oai:www.recercat.cat:2072/467944" metadataPrefix="marc">https://recercat.cat/oai/request</request><GetRecord><record><header><identifier>oai:recercat.cat:2072/467944</identifier><datestamp>2026-03-28T08:37:52Z</datestamp><setSpec>com_2072_98</setSpec><setSpec>col_2072_378192</setSpec></header><metadata><record xmlns="http://www.loc.gov/MARC21/slim" xmlns:dcterms="http://purl.org/dc/terms/" xmlns:xsi="http://www.w3.org/2001/XMLSchema-instance" xmlns:doc="http://www.lyncode.com/xoai" xsi:schemaLocation="http://www.loc.gov/MARC21/slim http://www.loc.gov/standards/marcxml/schema/MARC21slim.xsd">
   <leader>00925njm 22002777a 4500</leader>
   <datafield ind2=" " ind1=" " tag="042">
      <subfield code="a">dc</subfield>
   </datafield>
   <datafield ind2=" " ind1=" " tag="720">
      <subfield code="a">Guillén, Andrea</subfield>
      <subfield code="e">author</subfield>
   </datafield>
   <datafield ind2=" " ind1=" " tag="720">
      <subfield code="a">Teodoro, Emma</subfield>
      <subfield code="e">author</subfield>
   </datafield>
   <datafield ind2=" " ind1=" " tag="260">
      <subfield code="c">2023</subfield>
   </datafield>
   <datafield ind2=" " ind1=" " tag="520">
      <subfield code="a">AI predictive tools for migration management in the humanitarian field can significantly aid humanitarian actors in augmenting their decision-making capabilities and improving the lives and well-being of migrants. However, the use of AI predictive tools for migration management also poses several risks. Making humanitarian responses more effective using AI predictive tools cannot come at the expense of jeopardizing migrants' rights, needs, and interests. Against this backdrop, embedding AI ethical principles into AI predictive tools for migration management becomes paramount. AI ethical principles must be imbued in the design, development, and deployment stages of these AI predictive tools to mitigate risks. Current guidelines to apply AI ethical frameworks contain high-level ethical principles which are not sufficiently specified for achievement. For AI ethical principles to have real impact, they must be translated into low-level technical and organizational measures to be adopted by those designing and developing AI tools. The context-specificity of AI tools implies that different contexts raise different ethical challenges to be considered. Therefore, the problem of how to operationalize AI ethical principles in AI predictive tools for migration management in the humanitarian field remains unresolved. To this end, eight ethical requirements are presented, with their corresponding safeguards to be implemented at the design and development stages of AI predictive tools for humanitarian action, with the aim of operationalizing AI ethical principles and mitigating the inherent risks.</subfield>
   </datafield>
   <datafield tag="653" ind2=" " ind1=" ">
      <subfield code="a">AI predictive tools</subfield>
   </datafield>
   <datafield tag="653" ind2=" " ind1=" ">
      <subfield code="a">Migration management</subfield>
   </datafield>
   <datafield tag="653" ind2=" " ind1=" ">
      <subfield code="a">Humanitarian action</subfield>
   </datafield>
   <datafield tag="653" ind2=" " ind1=" ">
      <subfield code="a">AI ethics</subfield>
   </datafield>
   <datafield ind2="0" ind1="0" tag="245">
      <subfield code="a">Embedding ethical principles into AI predictive tools for migration management in humanitarian action</subfield>
   </datafield>
</record></metadata></record></GetRecord></OAI-PMH>